Statistiken für Darts Premier League Tabelle 2022

Klicken Sie hier um das Quiz zu spielen!

Allgemein

  • Dieses Quiz wurde 205 mal gespielt
  • Das Durchschnittsergebnis liegt bei 7 aus 8

Antwortstatistiken

PunkteTagessiegeSpieler% Korrekt
2313Michael van Gerwen
99%
1404Jonny Clayton
95%
6221Peter Wright
89%
7202Gerwyn Price
84%
4242Joe Cullen
84%
5221Michael Smith
84%
3252James Wade
81%
891Gary Anderson
79%

Verteilung der Resultate

Perzentil nach korrekt beantworteten Fragen

Anzahl Personen mit jedem Resultat

Ihre Resultats-Entwicklung

Sie haben dieses Quiz noch nicht gespielt